[Event "24th NATO Chess Championship"]
[Site "Rynia"]
[Date "2013.08.16"]
[Round "7.31"]
[White "Kartal, Koray"]
[Black "Csizmadia, Csaba"]
[Result "1/2-1/2"]
[WhiteElo "1997"]
[BlackElo "1855"]
[PlyCount "142"]
[EventDate "2013.08.??"]
[EventType "swiss"]
[EventRounds "7"]
[EventCountry "POL"]
[WhiteTeam "TUR"]
[BlackTeam "HUN"]
[WhiteTeamCountry "TUR"]
[BlackTeamCountry "HUN"]

1. e4 c5 2. Nf3 e6 3. d4 cxd4 4. Nxd4 a6 5. Bd3 Nf6 6. O-O Qc7 7. c4 b6 8. Nc3
Bb7 9. a3 d6 10. Qe2 Be7 11. Bg5 Nbd7 12. Nf3 O-O 13. Rac1 Rac8 14. b4 h6 15.
Be3 Ng4 16. Bd4 Nge5 17. Nxe5 Nxe5 18. Na2 Nxd3 19. Qxd3 e5 20. Be3 Qc6 21. f3
Rb8 22. Nc3 Bc8 23. Nd5 Bd8 24. g4 Be6 25. Rc2 Rc8 26. Rfc1 Qb7 27. Kg2 Bd7 28.
Qe2 Ba4 29. Rc3 Bd7 30. Qf2 Rb8 31. h4 f6 32. Rh1 Be6 33. Rhc1 Rf7 34. Kg3 Kh7
35. Qd2 Qd7 36. h5 Qb7 37. Bf2 Qd7 38. Rd3 Qc8 39. Ne3 Be7 40. Nd5 Bd8 41. Ne3
Be7 42. Rdc3 Bf8 43. Nd5 Rfb7 44. Ne3 Rd7 45. Nf5 Qd8 46. Be3 Qc7 47. Bf2 Qd8
48. Ne3 Rdb7 49. Nd5 Rd7 50. Be3 Rdb7 51. Rd3 Qc8 52. Qf2 Qd8 53. Rdc3 Bf7 54.
Qc2 Be8 55. Rb1 Bd7 56. Bf2 Be8 57. Ne3 Bd7 58. Nf5 Qe8 59. Qd3 Bxf5 60. exf5
Rc8 61. Qd5 Qc6 62. Rbc1 Rbc7 63. Be1 Qxd5 64. cxd5 Rxc3 65. Rxc3 Rxc3 66. Bxc3
b5 67. f4 Be7 68. fxe5 fxe5 69. Bd2 Kg8 70. g5 hxg5 71. Kg4 Kf7 1/2-1/2

[Event "24th NATO Chess Championship"]
[Site "Rynia"]
[Date "2013.08.16"]
[Round "7.32"]
[White "Pos, Nicolaas"]
[Black "Patron, Pascal"]
[Result "1/2-1/2"]
[WhiteElo "1884"]
[BlackElo "1978"]
[PlyCount "68"]
[EventDate "2013.08.??"]
[EventType "swiss"]
[EventRounds "7"]
[EventCountry "POL"]
[WhiteTeam "NATO"]
[BlackTeam "FRA"]
[BlackTeamCountry "FRA"]

1. e4 d5 2. exd5 Qxd5 3. Nc3 Qa5 4. Bb5+ c6 5. Be2 Nf6 6. h3 Qg5 7. Bf3 Bf5 8.
d3 Qg6 9. Nge2 h6 10. Ng3 Nbd7 11. Nxf5 Qxf5 12. Ne4 e5 13. Bd2 Be7 14. Qe2 Nd5
15. Ng3 Qg6 16. Be4 Qe6 17. Bf5 Qd6 18. Bxd7+ Qxd7 19. Qxe5 O-O 20. Nh5 Nf6 21.
O-O Nxh5 22. Qxh5 f5 23. Bc3 f4 24. Qf3 Bc5 25. Rfe1 Rf5 26. Re4 Raf8 27. Rae1
Qf7 28. Re5 Qxa2 29. Rxf5 Rxf5 30. Re8+ Kh7 31. Qe4 Qd5 32. Qxd5 Rxd5 33. Re6
Rd7 34. Kf1 Re7 1/2-1/2

[Event "24th NATO Chess Championship"]
[Site "Rynia"]
[Date "2013.08.16"]
[Round "7.34"]
[White "Geerts, Luc"]
[Black "Allmann, Lauri"]
[Result "1-0"]
[WhiteElo "1617"]
[BlackElo "1900"]
[PlyCount "134"]
[EventDate "2013.08.??"]
[EventType "swiss"]
[EventRounds "7"]
[EventCountry "POL"]
[WhiteTeam "BEL"]
[BlackTeam "EST"]
[WhiteTeamCountry "BEL"]
[BlackTeamCountry "EST"]

1. d4 d5 2. c4 e6 3. Nc3 Nf6 4. Nf3 Nbd7 5. Bg5 c6 6. cxd5 exd5 7. e3 h6 8. Bh4
Bd6 9. Be2 O-O 10. Qc2 Re8 11. Bd3 Qa5 12. a3 Ne4 13. Nd2 Ndf6 14. O-O Bxh2+
15. Kxh2 Ng4+ 16. Kg1 Qc7 17. Nf3 g5 18. Bxe4 dxe4 19. Bg3 Nxe3 20. fxe3 Qxg3
21. Nxe4 Rxe4 22. Qxe4 Be6 23. Ne5 Bd5 24. Rf3 Qxg2+ 25. Kxg2 Bxe4 26. Kg3 Bxf3
27. Kxf3 f5 28. Rg1 Kg7 29. b4 g4+ 30. Kf4 Kf6 31. Rh1 Rh8 32. Rh5 Ke6 33. Rxf5
g3 34. Nf3 g2 35. e4 Rg8 36. Ng1 Rg6 37. Kf3 b6 38. Kf2 Rg4 39. Re5+ Kf6 40.
Kf3 Rg5 41. Re8 h5 42. e5+ Kf7 43. Rd8 h4 44. Rd7+ Kg8 45. Rxa7 b5 46. Ra6 Rg6
47. d5 Rg3+ 48. Kf2 cxd5 49. Rd6 Rxa3 50. Rxd5 Ra2+ 51. Kf3 Kf7 52. Rxb5 Ke6
53. Rc5 Rb2 54. b5 Kd7 55. Nh3 Ke7 56. b6 Rxb6 57. Kxg2 Rg6+ 58. Kf2 Rg3 59.
Nf4 Kd7 60. e6+ Ke8 61. Rh5 Rg4 62. Kf3 Rg3+ 63. Ke4 h3 64. Nxh3 Ke7 65. Nf4
Rg1 66. Kf5 Re1 67. Rh7+ Kf8 $138 1-0

[Event "24th NATO Chess Championship"]
[Site "Rynia"]
[Date "2013.08.16"]
[Round "7.35"]
[White "Lambruschini, Alex"]
[Black "Morrison, Munroe L"]
[Result "1-0"]
[WhiteElo "1811"]
[BlackElo "1851"]
[PlyCount "25"]
[EventDate "2013.08.??"]
[EventType "swiss"]
[EventRounds "7"]
[EventCountry "POL"]
[WhiteTeam "CAN"]
[BlackTeam "ENG"]
[WhiteTeamCountry "CAN"]
[BlackTeamCountry "ENG"]

1. d4 d5 2. Nf3 Nf6 3. g3 Bg4 4. Bg2 c6 5. O-O e6 6. c4 Bd6 7. cxd5 cxd5 8. Bf4
O-O 9. Nbd2 Nc6 10. Ne5 Nxd4 11. Nxg4 Bxf4 12. Nxf6+ Qxf6 13. gxf4 1-0

[Event "24th NATO Chess Championship"]
[Site "Rynia"]
[Date "2013.08.16"]
[Round "7.36"]
[White "Hale, Katie"]
[Black "Cohnen, Michael"]
[Result "1/2-1/2"]
[WhiteElo "1583"]
[BlackElo "1841"]
[PlyCount "140"]
[EventDate "2013.08.??"]
[EventType "swiss"]
[EventRounds "7"]
[EventCountry "POL"]
[WhiteTeam "ENG"]
[BlackTeam "NATO"]
[WhiteTeamCountry "ENG"]

1. d4 Nf6 2. Nf3 g6 3. Bg5 Bg7 4. c3 O-O 5. Nbd2 d6 6. e4 Nbd7 7. Bc4 h6 8. h4
hxg5 9. hxg5 Nh5 10. Nh4 e6 11. Nxg6 fxg6 12. Bxe6+ Rf7 13. Rxh5 gxh5 14. g6
Nf6 15. Bxf7+ Kf8 16. Qb3 Qe7 17. f3 c6 18. O-O-O Bh6 19. Kb1 b5 20. Nf1 h4 21.
Re1 d5 22. e5 Bf5+ 23. Ka1 a5 24. Ne3 Bxe3 25. Rxe3 Nh5 26. Qd1 Qg5 27. Qe1 Ra7
28. e6 Re7 29. Re5 Ng7 30. g4 hxg3 31. Qh1 Nh5 32. f4 g2 33. Qg1 Nxf4 34. a3
Qg4 35. Ka2 Nh3 36. Qe3 Kg7 37. Rxd5 Qf4 38. Qxf4 Nxf4 39. Rxf5 Nxe6 40. Re5
Rxf7 41. gxf7 g1=Q 42. Rxe6 Kxf7 43. Rxc6 Qf1 44. Rc5 a4 45. Re5 Qd3 46. Rc5
Ke6 47. Rc6+ Kd5 48. Rc5+ Kd6 49. Rc8 Qf5 50. Rc5 Qe6+ 51. Ka1 Qb3 52. Kb1 b4
53. cxb4 Qd1+ 54. Rc1 Qxd4 55. Rc5 Qd1+ 56. Rc1 Qd3+ 57. Ka2 Kd5 58. Rc3 Qd1
59. Rc5+ Kd4 60. Rc3 Ke4 61. Rc5 Qb3+ 62. Kb1 Qd3+ 63. Ka2 Qb3+ 64. Kb1 Qd1+
65. Ka2 Ke3 66. Rc3+ Kd2 67. Rc5 Qb3+ 68. Kb1 Kd1 69. Rc1+ Kd2 70. Rc5 Qd1+
1/2-1/2

[Event "24th NATO Chess Championship"]
[Site "Rynia"]
[Date "2013.08.16"]
[Round "7.37"]
[White "Tremblay, Mario"]
[Black "Ozturk, Ali"]
[Result "1-0"]
[WhiteElo "1466"]
[BlackElo "1763"]
[PlyCount "107"]
[EventDate "2013.08.??"]
[EventType "swiss"]
[EventRounds "7"]
[EventCountry "POL"]
[WhiteTeam "CAN"]
[BlackTeam "NATO"]
[WhiteTeamCountry "CAN"]

1. e4 c5 2. Nc3 Nc6 3. f4 d6 4. Nf3 a6 5. a3 e6 6. Be2 g6 7. O-O Bg7 8. d3 Nge7
9. Qe1 O-O 10. Bd1 Qc7 11. Ne2 b5 12. c3 Bb7 13. Qh4 d5 14. Ng3 dxe4 15. dxe4
Rad8 16. Bc2 Rd7 17. f5 exf5 18. exf5 Ne5 19. f6 Nxf3+ 20. gxf3 Bh8 21. fxe7
Rxe7 22. Ne4 f5 23. Bf4 Be5 24. Bxe5 Qxe5 25. Nd2 Rfe8 26. Qf2 g5 27. Qg3 Qe3+
28. Rf2 Rd8 29. Nf1 Qe6 30. Rd2 Bd5 31. Rad1 g4 32. fxg4 fxg4 33. Qf4 Kh8 34.
Qg5 h6 35. Qf5 Red7 36. Qxe6 Bxe6 37. Rxd7 Rxd7 38. Rxd7 Bxd7 39. Ng3 Be8 40.
Kf2 h5 41. Be4 Kg7 42. Ke3 Kf6 43. Kf4 a5 44. Nf5 Bd7 45. Ng3 Be8 46. Bf5 b4
47. Ne4+ Ke7 48. Nxc5 bxc3 49. bxc3 Bc6 50. Ke5 Bf3 51. Ne4 Bg2 52. c4 Bf1 53.
c5 Bb5 54. Nf6 1-0

[Event "24th NATO Chess Championship"]
[Site "Rynia"]
[Date "2013.08.16"]
[Round "7.38"]
[White "Stuhr, Finn"]
[Black "Bellemare, Regis"]
[Result "1-0"]
[WhiteElo "1737"]
[BlackElo "1814"]
[PlyCount "43"]
[EventDate "2013.08.??"]
[EventType "swiss"]
[EventRounds "7"]
[EventCountry "POL"]
[WhiteTeam "NATO"]
[BlackTeam "CAN"]
[BlackTeamCountry "CAN"]

1. e4 c5 2. Nf3 g6 3. d4 cxd4 4. Nxd4 Bg7 5. b3 Qa5+ 6. Bd2 Qe5 7. Qf3 Nf6 8.
Bc3 Nxe4 9. Nc6 Qe6 10. Bxg7 Nxc6 11. Bxh8 Ng3+ 12. Be2 Nxh1 13. Nc3 f6 14. Nd5
Kd8 15. O-O-O Ne5 16. Qe3 Nxf2 17. Qxf2 d6 18. Qf4 Qf5 19. Qh6 Bd7 20. Qf8+ Be8
21. Qxe7+ Kc8 22. Qc7# 1-0

[Event "24th NATO Chess Championship"]
[Site "Rynia"]
[Date "2013.08.16"]
[Round "7.39"]
[White "Langer, Herb"]
[Black "Chwieseni, Edward"]
[Result "1-0"]
[WhiteElo "1721"]
[BlackElo "1754"]
[PlyCount "81"]
[EventDate "2013.08.??"]
[EventType "swiss"]
[EventRounds "7"]
[EventCountry "POL"]
[WhiteTeam "CAN"]
[BlackTeam "ENG"]
[WhiteTeamCountry "CAN"]
[BlackTeamCountry "ENG"]

1. d4 Nf6 2. Nf3 h6 3. c4 e6 4. Nc3 d5 5. e3 Be7 6. Be2 O-O 7. cxd5 Nxd5 8. O-O
c5 9. dxc5 Nxc3 10. bxc3 Bxc5 11. Qb3 b6 12. Rd1 Qc7 13. Ba3 Ba6 14. Bxa6 Nxa6
15. Rd2 Rac8 16. Bb4 Bxb4 17. cxb4 Nxb4 18. Qxb4 Qc1+ 19. Rd1 Qc2 20. Qd2 Qa4
21. h3 Rfd8 22. Qe2 Rxd1+ 23. Qxd1 Qxd1+ 24. Rxd1 Rc2 25. Rd2 Rxd2 26. Nxd2 Kf8
27. Kf1 Ke7 28. Ke2 Kd6 29. Kd3 Kd5 30. Nb3 e5 31. e4+ Kc6 32. Kc4 h5 33. a4 a5
34. Nd2 f6 35. Nb1 g6 36. g4 hxg4 37. hxg4 g5 38. f3 Kd6 39. Kb5 Kc7 40. Nc3
Kb7 41. Nd5 1-0

[Event "24th NATO Chess Championship"]
[Site "Rynia"]
[Date "2013.08.16"]
[Round "7.40"]
[White "Reinup, Hannes"]
[Black "Ross, David C"]
[Result "1-0"]
[WhiteElo "1600"]
[BlackElo "1802"]
[PlyCount "63"]
[EventDate "2013.08.??"]
[EventType "swiss"]
[EventRounds "7"]
[EventCountry "POL"]
[WhiteTeam "EST"]
[BlackTeam "NATO"]
[WhiteTeamCountry "EST"]

1. e4 e5 2. Ne2 Nc6 3. Nbc3 Nf6 4. g3 Bc5 5. f3 a6 6. a4 d6 7. b3 Be6 8. Ba3
Ba7 9. h3 h5 10. f4 exf4 11. Nxf4 Nd4 12. d3 Qd7 13. Bg2 O-O-O 14. Bb2 h4 15.
g4 Rde8 16. Nce2 Nxe2 17. Qxe2 Nd5 18. Nxd5 Bxd5 19. O-O-O f6 20. Rhf1 Rhf8 21.
Rf5 Bc6 22. Qf3 Qe6 23. g5 Re7 24. gxf6 gxf6 25. Qh5 Be3+ 26. Kb1 Bg5 27. Rg1
Be8 28. Qf3 Bc6 29. c4 b5 30. Bc1 bxa4 31. Bxg5 axb3 32. Rxf6 1-0

[Event "24th NATO Chess Championship"]
[Site "Rynia"]
[Date "2013.08.16"]
[Round "7.41"]
[White "Lord, Daniel"]
[Black "Habakuk, Mikk"]
[Result "1-0"]
[WhiteElo "1607"]
[BlackElo "1500"]
[PlyCount "83"]
[EventDate "2013.08.??"]
[EventType "swiss"]
[EventRounds "7"]
[EventCountry "POL"]
[WhiteTeam "CAN"]
[BlackTeam "EST"]
[WhiteTeamCountry "CAN"]
[BlackTeamCountry "EST"]

1. d4 d5 2. c4 e5 3. dxe5 d4 4. Nf3 Nc6 5. g3 Bg4 6. Bg2 Bc5 7. O-O Qd7 8. Nbd2
O-O-O 9. Ne4 Be7 10. Bg5 b6 11. Bxe7 Qxe7 12. Qa4 Qe8 13. c5 Na5 14. Qxe8 Rxe8
15. cxb6 axb6 16. Nxd4 Rxe5 17. Rac1 Rh5 18. Nd6+ Kb8 19. Nxf7 Nf6 20. Nxh8 Bh3
21. Bxh3 Rxh3 22. f3 Nd5 23. e4 Ne3 24. Rfe1 Nec4 25. Nc6+ Kb7 26. Nxa5+ Nxa5
27. e5 Rh6 28. e6 Nc6 29. Rxc6 Kxc6 30. e7 Rf6 31. e8=Q+ Kb7 32. Nf7 h6 33.
Nd8+ Kc8 34. Ne6+ Kb7 35. Rc1 Rxe6 36. Qxe6 g5 37. Qc6+ Ka6 38. a4 Ka7 39.
Qxc7+ Ka6 40. b4 g4 41. Qc8+ Ka7 42. Rc7# 1-0